| 000 | | | 05019cbm0a2200313#x 450 |
| 001 | | | 2275d428-2a0b-44f0-8980-0ad4a7fed328 |
| 005 | | | 20240110125857.0 |
| 100 | ## | $a | 20240110j194301##k###0rusy50 ca |
| 101 | 0# | $a | rus |
| 102 | ## | $a | RU |
| 122 | 2# | $a | d19430112## |
| | $a | d19430118## |
| 200 | 1# | $a | Журнал боевых действий Ленинградского фронта (описание взаимодействия частей Ленинградского и Волховского фронтов в период проведения операции по прорыву блокады Ленинграда) |
| | $j | 12-18 января 1943 г. |
| 251 | ## | $c | Документ |
| 300 | ## | $a | Подлинник |
| 461 | #0 | $1 | 2001 |
| | $a | Ф. 217 |
| | $1 | 251 |
| | $c | Фонд |
| | $1 | 852 |
| | $j | 217 |
| 462 | #0 | $1 | 2001 |
| | $a | Оп. 1221 |
| | $1 | 251 |
| | $c | Опись |
| | $1 | 852 |
| | $j | 1221 |
| 462 | #0 | $1 | 2001 |
| | $a | Д. 3174 |
| | $v | Л. 6об.-124об. |
| | $1 | 251 |
| | $c | Дело |
| | $1 | 852 |
| | $j | 3174 |
| 601 | 02 | $2 | nlr_sh |
| | $3 | RU\NLR\AUTH\661532602 |
| | $a | Ленинградский фронт |
| | $c | 1941 - 1945 |
| | $j | Документы и материалы |
| 601 | 02 | $2 | prlib_sh |
| | $3 | LIBNET\UAF\0000110285 |
| | $a | Волховский фронт |
| | $c | 1942, июнь - 1944, февраль |
| 605 | ## | $2 | prlib_sh |
| | $3 | LIBNET\UAF\0000088514 |
| | $a | Вторая мировая война в архивных документах (Комплекс оцифрованных архивных документов, кино- и фотоматериалов) |
| | $l | коллекция |
| 606 | 1# | $2 | nlr_sh |
| | $3 | RU\NLR\AUTH\661264807 |
| | $a | Великая Отечественная война |
| | $z | 1941 - 1945 |
| | $y | Ленинградская область |
| | $j | Документы и материалы |
| 606 | 1# | $2 | nlr_sh |
| | $3 | RU\NLR\AUTH\661253397 |
| | $a | Блокада Ленинграда |
| | $z | 1941 - 1944 |
| | $x | Прорыв |
| | $z | 1943 |
| | $j | Документы и материалы |
| 686 | ## | $a | 63.3(2)622,12ю11 |
| | $v | LBC/M |
| | $2 | rubbk |
| 801 | #0 | $a | RU |
| | $b | ПБ им. Б.Н. Ельцина |
| | $c | 20240110 |
| 801 | #1 | $a | RU |
| | $b | ПБ им. Б.Н. Ельцина |
| | $c | 20240110 |
| | $2 | rusmarc |
| 801 | #2 | $a | RU |
| | $b | ПБ им. Б.Н. Ельцина |
| | $c | 20240110 |
| | $2 | rusmarc |
| 850 | ## | $a | Центральный архив Министерства обороны Российской Федерации |
| 852 | ## | $a | ЦА МО РФ |
| | $j | Л. 6об.-12об. |
| 856 | 4# | $n | ПБ им. Б.Н. Ельцина |
| | $u | http://readingroom.main.prlib.ru/item.aspx?id_node=n190296037&mode=full |
| 035 | ## | $a | LIBNET\0001372671 |
| 937 | ## | $d | 190296037 |
| | $h | Федеральное архивное агентство |